000
00304nam a2200121Ia 4500
005
20260326100038.0
008
260326s9999||||xx |||||||||||||| ||und||
100
_a
Constantino, Maria
245
0
_a
Frank Lloyd Wright /
_c
Maria Constantino
260
_b
Crescent Books
650
_a
ARQUITECTOS
942
_c
BK
999
_c
6882
_d
6882